التحبير في علم التفسير : (Record no. 17284)

MARC details
000 -الفاتح
عناصر البيانات ثابتة الطول 00686cam a2200169 i 4500
005 - تاريخ ووقت آخر معاملة
حقل ضبط 20251201094712.0
008 - عناصر البيانات ثابتة الطول
عناصر البيانات ثابتة الطول 250721s1988 le gr 000 0 ara d
082 14 - رقم تصنيف ديوي العشري
رقم التصنيف 212
رقم المادة س ي و
100 1# - مدخل رئيسي – اسم شخصي
الاسم الشخصي السيوطي، جلال الدين عبد الرحمن
تواريخ خاصة بالشخص -911ه.
علاقة الشخص بالعمل/ دوره مؤلف.
245 12 - بيان العنوان
العنوان التحبير في علم التفسير :
بقية العنوان مقابل على أربع نسخ خطيه /
بيان المسؤولية للامام جلال الدين عبدالرحمن السيوطي.
264 31 - بيانات النشر، التوزيع…إلخ
مكان النشر، التوزيع...إلخ بيروت :
اسم الناشر، الموزع...إلخ دار الكتب العلميه،
تاريخ النشر، التوزيع...إلخ 1988.
300 ## - الوصف المادي
عدد الوحدات المكونة للوعاء 224صفحه.
650 17 - مدخل إضافي بالموضوع - مصطلح موضوعي
مصطلح موضوعي أو اسم جغرافي كعنصر مدخل القرآن الكريم.
650 17 - مدخل إضافي بالموضوع - مصطلح موضوعي
مصطلح موضوعي أو اسم جغرافي كعنصر مدخل تفسير القرآن.
942 ## - بيانات إضافية (كوها)
نوع التنصيف Dewey Decimal Classification
نوع المادة (كوها) Books
Holdings
حالة السحب حالة الفقدان مصدر التصنيف حالة التلف غير قابل للإعارة المكتبة الرئيسية المكتبة الحالية موقع الرف تاريخ التزويد الرقم المتسلسل Total Checkouts رقم الإستدعاء الباركود تاريخ آخر ظهور تاريخ الفاتورة نوع المادة (كوها)
    Dewey Decimal Classification     المكتبة المركزية المكتبة المركزية الإعارة 06/07/2004 147894   212 / س ي و 147894 28/07/2025 06/07/2004 Books
    Dewey Decimal Classification     مكتبة النصر العامة مكتبة النصر العامة الإعارة 29/10/2014 2534.   212/سيو PLD00308997 28/07/2025 29/10/2014 Books
    Dewey Decimal Classification     مكتبة حمزة العامة مكتبة حمزة العامة الإعارة 03/02/2016 (4696)   212/سيو PLD00371316 28/07/2025 03/02/2016 Books
Implemented & Customized by: BBB with SCIT (Smart Chains for Information Technology)

Powered by Koha